Normal view
MARC view
- Libes, Don
Entry Personal Name
001 - CONTROL NUMBER
- control field: 67096
003 - CONTROL NUMBER IDENTIFIER
- control field: NUST
005 - DATE AND TIME OF LATEST TRANSACTION
- control field: 20210628203736.0
008 - FIXED-LENGTH DATA ELEMENTS
- fixed length control field: 210628|| aca||aabn | a|a d
040 ## - CATALOGING SOURCE
- Original cataloging agency: NUST
- Transcribing agency: NUST
100 ## - HEADING--PERSONAL NAME
- Personal name: Libes, Don
670 ## - SOURCE DATA FOUND
- Source citation: Work cat.: (NUST): Libes, Don, Obfuscated c and other mysteries, 1993
